Real analysis /

Guardado en:
Autor Principal: Royden, H. L.
Formato: Libro
Idioma:English
Publicado: New York : Macmillan, [1968]
Edición:2nd ed.
Etiquetas: Agregar Etiqueta
Sin Etiquetas, Sea el primero en etiquetar este registro!
LEADER 00557nam a2200181 a 4500
001 MAT.inmabb002798
008 680301s1968####nyu######b####000#0#eng##
005 20130221102837.0
245 1 0 |a Real analysis /  |c [by] H. L. Royden. 
250 |a 2nd ed. 
260 |a New York :  |b Macmillan,  |c [1968] 
300 |a xii, 349 p. ;  |c 24 cm. 
504 |a Bibliografía: p. 337-338. 
100 1 |a Royden, H. L. 
084 |a 26-01 (26A24 28-01 28A25 28C05 46-01 46B07 46B22)  |2 msc2000 
010 |a  68010518  
040 |a DLC  |c DLC  |d DLC 
859 |h 26  |i R888-2  |p A-8040  |b BIB. MATEMATICA